[Event "BAN-chB 47th"]
[Site "Dhaka"]
[Date "2022.10.27"]
[Round "1"]
[White "Sadnan Hasan, Dihan"]
[Black "Hafizur, Rahman"]
[Result "0-1"]
[WhiteElo "2073"]
[BlackElo "1743"]
[PlyCount "59"]
[EventDate "2022.10.27"]
[EventType "swiss"]
[EventRounds "11"]
[EventCountry "BAN"]
[SourceTitle "EXT 2024"]
[Source "ChessBase"]
[SourceDate "2023.10.10"]
[SourceVersion "1"]
[SourceVersionDate "2023.10.10"]
[SourceQuality "1"]

1. d4 Nf6 2. c4 d5 3. cxd5 Nxd5 4. e4 Nf6 5. Nc3 c6 6. Bc4 e6 7. Nf3 Nbd7 8. 0-0 Qc7 9. Bg5 Be7 10. Rc1 Qa5 11. Re1 b5 12. Bb3 Bb7 13. d5 e5 14. dxc6 Bxc6 15. Nd5 Bxd5 16. exd5 0-0 17. Nxe5 Bd6 18. Nxd7 Nxd7 19. Be7 Bxe7 20. Rxe7 Rad8 21. h3 Qb4 22. Qe1 Qxe1+ 23. Rcxe1 Nf6 24. Rd1 Rd6 25. Rc7 a6 26. a4 g5 27. Rc6 Rfd8 28. f3 Kf8 29. Kf2 h5 30. Ke3 0-1